Normal view
MARC view
- Wurbs, Ralph A .
Entry Personal Name
001 - CONTROL NUMBER
- control field: 464
003 - CONTROL NUMBER IDENTIFIER
- control field: OSt
005 - DATE AND TIME OF LATEST TRANSACTION
- control field: 20160616152900.0
008 - FIXED-LENGTH DATA ELEMENTS
- fixed length control field: 160616|| aca||aabn | a|a d
040 ## - CATALOGING SOURCE
- Original cataloging agency: OSt
- Transcribing agency: OSt
100 ## - HEADING--PERSONAL NAME
- Personal name: Wurbs, Ralph A .
670 ## - SOURCE DATA FOUND
- Source citation: Work cat.: (OSt)1437: Wurbs, Ralph A ., Water resources engineering / , 2013
